000 01395nam a2200241Ia 4500
008 0000001989 pr ad 0000000000spa00
090 _aPPR00 J67j
245 1 0 _aJosé Campeche y su tiempo = José Campeche and his time
_c/ traducción Anne Catesby Jones, René Taylor
300 _a224 p.
_c/ 28 cm.
500 _aExposición realizada en: Museo de Arte de Ponce, enero 15 a mayo 15 de 1988, en The Metropolitan Museum of Art, junio 14 a septiembre 25 de 1988 y en Instituto de Cultura Puertoririqueña, octubre 21 de 1988 a enero 7 de 1987 \ Texto bilingue : español inglés \ Registro auspiciado por la FGAA. Bogotá
501 _aEl Puerto Rico de José Campeche = The Puerto Rico of José Campeche / René Taylor El artista = The artist / René Taylor La restauración de la obra de Campeche = The restoration of the Campeche paintings / Lydia (v Quigley
600 0 0 _aCAMPECHE Y JORDáN, JOSÉ, 17511809/
_xTRABAJOS PICTORICOS
650 1 4 _aARTE CONTEMPORANEO PUERTORRIQUEÑO
650 1 4 _aARTISTAS PLASTICOS PUERTORRIQUEÑOS
650 1 4 _xCATALOGOS
650 1 4 _xEXPOSICIONES
650 1 4 _aPINTORES PUERTORRIQUEÑOS
650 1 4 _aPINTURA DE RETRATOS
650 1 4 _aPINTURA PUERTORRIQUEÑA
650 1 4 _aPINTURA RELIGIOSA
700 1 _aCatesby, Anne \ Taylor, René \ Quigley, Lydia (v
999 _c10872
_d10872
260 _aPonce (Puerto Rico) : Museo de Arte de Ponce
_c1989